| 000 | 01276nam a2200373 a 4500 | ||
|---|---|---|---|
| 003 | AR-BaBNM | ||
| 005 | 20251128203536.0 | ||
| 008 | 082120s2002 ||||||||||||||000 | spa|| | ||
| 040 | _cAR-BaBNM | ||
| 100 | 1 | _aOlivo, C. Thomas | |
| 245 | 0 | 0 | _aMatemáticas básicas simplificadas |
| 250 | _a1ª ed. | ||
| 260 |
_aMéxico, D.F. _bDiana _bCentro Regional de Ayuda Técnica. Agencia para el Desarrollo Internacional _c1973 |
||
| 300 |
_a363 p. _bgráfs., tablas |
||
| 500 | _aContiene índice analítico en p. 359 | ||
| 500 | _aEsta edición ha sido preparada conjuntamente por la editorial y el Centro Regional de Ayuda Técnica, Agencia para el Desarrollo InternacionalA.I.D., Departamento de Estado del Gobierno de los Estados Unidos de América. El Centro es una organización dedica | ||
| 650 | 4 | _aMATEMATICA | |
| 650 | 4 | _aGEOMETRIA | |
| 650 | 4 | _aALGEBRA | |
| 650 | 4 | _aCALCULO | |
| 650 | 4 | _aTRIGONOMETRIA | |
| 650 | 4 | _aECUACIONES | |
| 650 | 4 | _aANALISIS MATEMATICO | |
| 650 | 4 | _aCONTABILIDAD | |
| 650 | 4 | _aCOSTOS | |
| 650 | 4 | _aMATEMATICA | |
| 650 | 4 | _aANALISIS NUMERICO | |
| 650 | 4 | _aFINANZAS | |
| 650 | 4 | _aENSEÑANZA DE LAS MATEMATICAS | |
| 700 | 1 | _aOlivo, Thomas P. | |
| 700 | 1 |
_aLepe, José Luis _etraductor |
|
| 942 | _cBK | ||
| 998 | _cSILVI | ||
| 999 |
_c3861 _d3861 |
||